|
|
|
|
| LEADER |
00000nam0a2200000 4500 |
| 001 |
55884 |
| 005 |
20231031052908.0 |
| 035 |
|
|
|a (RuTPU)RU\TPU\book\58665
|
| 090 |
|
|
|a 55884
|
| 100 |
|
|
|a 20030923d1983 km y0rusy50 ca
|
| 101 |
0 |
|
|a rus
|
| 102 |
|
|
|a RU
|
| 105 |
|
|
|a a z 001zy
|
| 200 |
1 |
|
|a Измерение параметров приемников оптического излучения
|f Под ред. Л. Н. Курбатова, Н. В. Васильченко
|
| 210 |
|
|
|a Москва
|c Радио и связь
|d 1983
|
| 215 |
|
|
|a 318 с.
|c ил.
|
| 225 |
1 |
|
|a Измерения в электронике
|
| 320 |
|
|
|a Библиогр.: с. 309-317
|
| 610 |
1 |
|
|a оптическое излучение
|
| 610 |
1 |
|
|a приемники излучения
|
| 610 |
1 |
|
|a параметры
|
| 610 |
1 |
|
|a измерительное оборудование
|
| 610 |
1 |
|
|a метрологическое обеспечение
|
| 610 |
1 |
|
|a фотоэмиссионные приемники излучения
|
| 610 |
1 |
|
|a измерения
|
| 675 |
|
|
|a 621.384.3
|v 3
|
| 702 |
|
1 |
|a Курбатов
|b Л. Н.
|4 340
|
| 702 |
|
1 |
|a Васильченко
|b Н. В.
|4 340
|
| 801 |
|
1 |
|a RU
|b 63413507
|c 20030923
|g PSBO
|
| 801 |
|
2 |
|a RU
|b 63413507
|c 20150813
|g PSBO
|
| 942 |
|
|
|c BK
|